Little Nightmares Trivia - Statistics

General Stats
  • This quiz has been taken 293 times
  • The average score is 16 of 18
Answer Stats
Hint Answer % Correct
Who do you play as? Six
99%
How many chefs are there? 2
96%
How many chapters are there? 5
96%
What do you use to defeat The Lady? A Mirror
95%
What are inside the many cages? Children
94%
What reoccurring problem affects you? Insatiable Hunger
94%
What is the fourth thing you eat? A Nome
92%
Who is blind and has long arms? The Janitor
92%
What is the fifth thing you eat? The Lady
89%
What is the third thing you eat? A Rat
87%
What wiggling creatures must you avoid? Leeches
87%
What helps you light the way? Lighter
87%
You must wade through a pit full of what? Shoes
85%
Where are you? The Maw
85%
Who arrives from a boat? The Guests
84%
What is the second thing you eat? Meat
83%
What is the first thing you eat? Bread
80%
Who or what faintly appears when you eat? Dark Six
52%
No matching quizzes found
Score Distribution
Percent of People with Each Score
Percentile by Number Answered
Your Score History
You have not taken this quiz